Použitie viacstavových modelov v aktuárkskych výpočtoch pri poistení osôb

Základné typy modelov aktuárskych výpočtov. Viachodnotový stavový model. Aktuárske výpočty pri použití trojstavových modelov.

Gespeichert in:
Bibliographische Detailangaben
1. Verfasser: Bilíková, Mária, 1951-
Weitere Verfasser: Luptáková, Iveta
Format: Buchkapitel
Sprache:Slowakisch
Schlagworte:
Tags: Tag hinzufügen
Keine Tags, Fügen Sie das erste Tag hinzu!

MARC

LEADER 00000naa$a2200000$$$4500
001 0037413
005 20240502071455.6
041 0 |a slo 
044 |a SK 
245 1 0 |a Použitie viacstavových modelov v aktuárkskych výpočtoch pri poistení osôb  |c Mária Bilíková, Iveta Luptáková 
520 |a Základné typy modelov aktuárskych výpočtov. Viachodnotový stavový model. Aktuárske výpočty pri použití trojstavových modelov. 
610 2 0 |a metódy aktuárske 
610 2 0 |a poistenie osôb 
610 2 0 |a modely ekonomicko-matematické 
610 2 0 |a úmrtnosť 
610 2 0 |a poistenie životné 
610 2 0 |a poistenie nemocenské 
610 2 0 |a aktuári 
100 1 |a Bilíková, Mária, 1951- 
700 1 |a Luptáková, Iveta